Päť rokov fatwy

Bibliographic Details
Main Author: Barnes, Julian, 1946- (Author)
Other Authors: Lukáč, P. (Translator)
Format: Article
Language:Slovak
ISSN:1335-1702
Subjects:

MARC

LEADER 00000nab a2200000 a 4500
001 vtls000625756
003 SK-MaSNL
005 20260305000144.0
008 250425c1997 xo 0 slo
015 |a SNBRB19rr/mm-uuuuu 
035 |a CL0625895 
035 |a urn:nbn:sk:snk-ab9wwm 
035 |a (urnnbn)urn:nbn:sk:snk:ar-a092wg 
035 |a (uuid)3f1f6ec9-c587-47cc-acc0-c93f06fbba31 
040 |a SNKBUCL  |b slo  |c SNKBUCL  |e AACR2 
041 0 |a slo 
044 |a xo  |c SK 
080 |a 82:929:820  |2 1981 
080 |a 820  |2 1981 
080 |a 929 Rushdie, Salman  |2 1981 
100 1 |a Barnes, Julian,  |d 1946-  |4 aut  |9 115220 
245 1 0 |a Päť rokov fatwy  |c Julian Barnes ; Prekl. P. Lukáč 
500 |a Dat.: Február 1994 
600 1 7 |a Rushdie, Salman,  |d 1947-  |2 snkbucl  |9 103706 
655 7 |a články z novín a časopisov  |2 snkbucl  |9 267496 
700 1 |a Lukáč, P.  |4 trl  |9 787206 
773 0 |t RAK  |g Roč. 2, č. 1 (1997), s. 42-52  |x 1335-1702 
850 |a Slovenská národná knižnica 
852 |a Slovenská národná knižnica 
958 |a article13 
958 |a LX 
958 |a GB 
958 |a BC 
958 |a NX 
958 |a RK 
958 |a OND 
958 |a EUIPO 
992 |a RBX 
999 |c 3212401  |d 3214331